000 00681nam a22002417a 4500
008 131029b xxu||||| |||| 00| 0 eng d
020 _a0-333-65919-8
024 _cAvalable
037 _cAvailable
040 _aMBSTU LIBRARY
_dMBSTU LIBRARY
082 _222
_a361.3 MIA
100 _aMilner, Judith.
245 _aAssessment in social work.
260 _aLondon
_bMc Millan.
_c1998
300 _a22 cm.
_b203 page
_f1
_g22 cm.
600 _2Social work.
650 _2Social work.
700 _aMilner, Judith.
270 _aLondon
_bLondon
_dUK
365 _b1799.00
_d1799.00
942 _2ddc
_cBK
999 _c765
_d765